Online Catalogue and eLibrary

Thamil ilakkiya sarithathil kaviya kalam (Record no. 3820)

MARC details
000 -LEADER
fixed length control field 00428nam a2200145Ia 4500
005 - DATE AND TIME OF LATEST TRANSACTION
control field 20250401005830.0
008 - FIXED-LENGTH DATA ELEMENTS--GENERAL INFORMATION
fixed length control field 240331s9999 xx 000 0 und d
082 ## - DDC Classification
Item Number - Author Mark VAI
Class No. 894
100 ## - MAIN ENTRY--PERSONAL NAME
Personal name Vaiyapuripillai, S
245 #0 - TITLE STATEMENT
Title Thamil ilakkiya sarithathil kaviya kalam
260 ## - PUBLICATION, DISTRIBUTION, ETC.
Place of publication, distribution, etc. Chennai
Name of publisher, distributor, etc. New Century book house ( Pvt) Ltd
Date of publication, distribution, etc. 1991
300 ## - PHYSICAL DESCRIPTION
Extent (e.g. Volumes, Pages etc.) Xxiv, 367 p .,
500 ## - GENERAL NOTE
General note Tamil Ilakkiyathin Kaaviyakalam patriya oorai
942 ## - Koha item type (Biblio)
Koha item type Books in Stacks (Lending)
Holdings
Lost status Damaged status Collection code Home library Current library Shelving location Date acquired Full call number Accession Number Item type
    Lending WERC Library WERC Library Social Science Cupboard 03/31/2024 891.811 VAI 4513 Books in Stacks (Lending)

© WERC Library